000 00664nam a2200205Ii 4500
003 JO-AjNU
008 230605s9999||||xx |||||||||||||| ||und||
017 _a1970/4481
040 _aJO-AjNU
_bara
_erda
_cJO-AjNU
041 _aara
050 1 4 _aBP130.4.S244978 1970
100 3 _aتحقيق السجستاني،؛ بقلم محمد الصادق قمحاوي,
_eauthor
_98197
245 0 0 _aتفسير غريب القرآن
264 3 1 _aمصر: مكتبة الجندي، 1970
300 _a240ص
336 _atext
_btxt
_2rdacontent
337 _aunmediated
_bn
_2rdamedia
338 _avolume
_bnc
_2rdacarrier
650 4 _aقران كريم - تفسير
_98198
999 _aA666
_c4234
_d4234